00891nam a2200217 i 4500001000300000100002900003245022900032260003400261490005200295700002100347700002000368830004700388040000800435041000800443080001000451942000700461008004100468999001700509856009800526952004900624bg1 aSANGLERAT, Guyd(1924- ) 0aPractical problems in soil mechanics and foundation engineering, 1 :bphysical characteristics of soils, plasticity, settlement calculations, interpretation of in-situ tests /cGuy Sanglerat, Gilbert Olivari, Bernard Cambou. aAmsterdam :bElsevier,c1984.1 aDevelopments in Geotechnical Engineering ;v34A1 aOLIVARI, Gilbert1 aCAMBOU, Bernard aDevelopments in Geotechnical Engineering ; cBPK apol a624.1 cKS s pl f |000 0 pol  c28469d28469 uhttp://koha.tu.koszalin.pl/cgi-bin/koha/opac-detail.pl?biblionumber=28469yKatalog online BPK 00104070aBPKbBPKcwo34276p01161502yKS